NBA Rosters 2025-2026 (With Jersey #s) - Statistics

General Stats
  • This quiz has been taken 665 times
    555 since last reset
  • The average score is 242 of 434
Answer Stats
Answer % Correct
Trae Young
95%
AJ Johnson
92%
Cameron Johnson
92%
Jalen Johnson
92%
Keldon Johnson
92%
Keshad Johnson
92%
Tre Johnson
92%
Bruce Brown
91%
Christian Braun
91%
Jaylen Brown
91%
Kobe Brown
91%
Coby White
89%
Derrick White
89%
Jalen Williams
88%
Jaylin Williams
88%
A.J. Green
87%
Brandon Williams
87%
Cody Williams
87%
Draymond Green
87%
Grant Williams
87%
Jalen Green
87%
Javonte Green
87%
Jayson Tatum
87%
Jeff Green
87%
Josh Green
87%
Kenrich Williams
87%
LaMelo Ball
87%
Mark Williams
87%
Patrick Williams
87%
Robert Williams III
87%
Vince Williams Jr.
87%
Ziaire Williams
87%
LeBron James
86%
Lonzo Ball
86%
Shai Gilgeous-Alexander
86%
Klay Thompson
85%
Stephen Curry
85%
Ajay Mitchell
84%
Amen Thompson
84%
Ausar Thompson
84%
Bronny James
84%
Davion Mitchell
84%
Donovan Mitchell
84%
Jalen Duren
84%
Jamal Murray
84%
Luka Dončić
84%
Michael Porter Jr.
84%
Miles Bridges
84%
Craig Porter Jr.
83%
Dejounte Murray
83%
Jalen Brunson
83%
Keegan Murray
83%
Kevin Durant
83%
Kevin Porter Jr.
83%
Kris Murray
83%
Mikal Bridges
83%
Nikola Jokić
83%
Tyrese Haliburton
83%
Alperen Şengün
82%
Anthony Davis
82%
Cade Cunningham
82%
Darius Garland
82%
Giannis Antetokounmpo
82%
James Harden
82%
Ja Morant
82%
Jaren Jackson Jr.
82%
Kawhi Leonard
82%
Nigel Hayes-Davis
82%
Sion James
82%
Trayce Jackson-Davis
82%
Victor Wembanyama
82%
Anthony Edwards
81%
Austin Reaves
81%
Bam Adebayo
81%
Dyson Daniels
81%
Jarrett Allen
81%
Jimmy Butler III
81%
Joel Embiid
81%
Josh Hart
81%
Justin Edwards
81%
Karl-Anthony Towns
81%
Kristaps Porziņģis
81%
Paolo Banchero
81%
Tyrese Maxey
81%
Chet Holmgren
80%
Cooper Flagg
80%
Devin Booker
80%
Evan Mobley
80%
Grayson Allen
80%
Kyrie Irving
80%
Paul George
80%
Payton Pritchard
80%
Scottie Barnes
80%
Zion Williamson
80%
Andre Jackson Jr.
79%
De'Aaron Fox
79%
Deandre Ayton
79%
GG Jackson II
79%
Harrison Barnes
79%
Isaiah Jackson
79%
Keyonte George
79%
Kyshawn George
79%
Rudy Gobert
79%
Ivica Zubac
78%
Nikola Vučević
78%
Pascal Siakam
78%
Aaron Gordon
77%
Eric Gordon
77%
Isaiah Hartenstein
77%
Julius Randle
77%
DeMar DeRozan
76%
Desmond Bane
76%
Dorian Finney-Smith
76%
Franz Wagner
76%
Moritz Wagner
76%
OG Anunoby
76%
Tyler Herro
76%
Dru Smith
75%
Duncan Robinson
75%
Jabari Smith Jr.
75%
Jalen Smith
75%
Josh Giddey
75%
Luguentz Dort
75%
Mitchell Robinson
75%
Rui Hachimura
75%
Stephon Castle
75%
Zach LaVine
75%
Brandin Podziemski
74%
Brandon Miller
74%
Cam Thomas
74%
Leonard Miller
74%
Mike Conley
74%
Myles Turner
74%
Nickeil Alexander-Walker
74%
Derrick Jones Jr.
73%
Dillon Brooks
73%
Domantas Sabonis
73%
Herbert Jones
73%
Isaac Jones
73%
Jrue Holiday
73%
Kam Jones
73%
Lauri Markkanen
73%
Tre Jones
73%
Tyus Jones
73%
V. J. Edgecombe
73%
Aaron Holiday
72%
Aaron Wiggins
72%
Andrew Nembhard
72%
Andrew Wiggins
72%
Fred VanVleet
72%
Kon Knueppel
72%
Nic Claxton
72%
Russell Westbrook
72%
Brandon Ingram
71%
Dereck Lively II
71%
Devin Carter
71%
Jaden McDaniels
71%
Jevon Carter
71%
Wendell Carter Jr.
71%
Drake Powell
70%
Dwight Powell
70%
Jalen Suggs
70%
Neemias Queta
70%
Norman Powell
70%
Zach Edey
70%
Gary Harris
69%
Jonathan Kuminga
69%
Tobias Harris
69%
Zaccharie Risacher
69%
Chris Paul
67%
Devin Vassell
67%
Alex Sarr
66%
Anfernee Simons
66%
CJ McCollum
66%
Deni Avdija
66%
Dylan Harper
66%
Jaxson Hayes
66%
Aaron Nesmith
65%
Alex Caruso
65%
Damian Lillard
65%
Jordan Poole
65%
RJ Barrett
65%
Daniel Gafford
64%
Marcus Smart
64%
Brandon Clarke
63%
Brook Lopez
63%
Immanuel Quickley
63%
Jaylen Clark
63%
Max Strus
63%
Walker Kessler
63%
Anthony Black
62%
Bradley Beal
62%
Onyeka Okongwu
62%
Trey Murphy III
62%
Jakob Poeltl
61%
Jonas Valančiūnas
61%
Naz Reid
61%
Steven Adams
61%
Matas Buzelis
60%
Clint Capela
59%
Day'Ron Sharpe
59%
Donovan Clingan
59%
Egor Dëmin
59%
Jarace Walker
59%
Jerami Grant
59%
John Collins
59%
Kelly Oubre Jr.
59%
Shaedon Sharpe
59%
Zach Collins
59%
Ben Sheppard
58%
De'Andre Hunter
58%
Dennis Schröder
58%
Jordan Clarkson
58%
Moses Moody
58%
Reed Sheppard
58%
P.J. Washington
57%
Scoot Henderson
57%
T.J. McConnell
57%
Collin Sexton
56%
Isaiah Stewart
56%
Kel'el Ware
56%
Thanasis Antetokounmpo
56%
Bennedict Mathurin
55%
Buddy Hield
55%
Cole Anthony
55%
Derik Queen
55%
Donte DiVincenzo
55%
Luke Kornet
55%
Quinten Post
55%
Sam Hauser
55%
Gabe Vincent
54%
Gradey Dick
54%
Khris Middleton
54%
Terance Mann
54%
Tre Mann
54%
Yves Missi
54%
Cason Wallace
53%
Isaac Okoro
53%
Jaden Ivey
53%
Kentavious Caldwell-Pope
53%
Kris Dunn
53%
Ryan Dunn
53%
Al Horford
52%
Jared McCain
52%
Jordan Walsh
52%
Miles McBride
52%
Toumani Camara
52%
Will Richard
52%
Andre Drummond
51%
D'Angelo Russell
51%
Jay Huff
51%
Cam Christie
50%
Dalton Knecht
50%
Jarred Vanderbilt
50%
Jaylen Wells
50%
Max Christie
50%
Peyton Watson
50%
Rob Dillingham
50%
Ryan Kalkbrenner
50%
Tim Hardaway Jr.
50%
Isaiah Collier
49%
Kevin Love
49%
Kyle Kuzma
49%
Ace Bailey
48%
Carter Bryant
48%
Jeremy Sochan
48%
Kyle Lowry
48%
Malik Monk
48%
Ryan Rollins
48%
Thomas Bryant
48%
Dean Wade
47%
Isaiah Joe
47%
Jaime Jaquez Jr.
47%
Jeremiah Fears
47%
Kevin Huerter
47%
Moussa Diabaté
47%
Nikola Jović
47%
Gary Payton II
46%
Bilal Coulibaly
45%
Bobby Portis
45%
Cam Spencer
45%
DeAndre Jordan
45%
Jose Alvarado
45%
Kevon Looney
45%
Luke Kennard
45%
Scotty Pippen Jr.
45%
Gary Trent Jr.
44%
Jake LaRavia
44%
Nikola Topić
44%
Obi Toppin
44%
Quentin Grimes
44%
Julian Champagnie
43%
Jusuf Nurkić
43%
Keon Ellis
43%
Tari Eason
43%
Bogdan Bogdanović
42%
Justin Champagnie
42%
Naji Marshall
42%
Nick Richards
42%
Nicolas Batum
42%
Guerschon Yabusele
41%
Luka Garza
41%
Tyler Kolek
41%
Cedric Coward
40%
Danny Wolf
40%
Gui Santos
40%
Sam Merrill
40%
Anthony Gill
39%
Caleb Martin
39%
Maxi Kleber
39%
Santi Aldama
39%
Tyrese Martin
39%
Caris LeVert
38%
De'Anthony Melton
38%
Goga Bitadze
38%
Hunter Tyson
38%
Jaylon Tyson
38%
Landry Shamet
38%
Noah Clowney
38%
Hugo González
37%
Jonathan Isaac
37%
Mason Plumlee
37%
Paul Reed
37%
Saddiq Bey
37%
Vít Krejčí
37%
Ayo Dosunmu
36%
Bub Carrington
36%
Corey Kispert
36%
Ron Holland II
36%
Royce O'Neale
36%
Collin Gillespie
35%
Terry Rozier III
35%
Baylor Scheierman
34%
Ben Saraf
34%
Nolan Traoré
34%
Tristan da Silva
34%
Ty Jerome
34%
Xavier Tillman Sr.
34%
Adem Bona
33%
Jett Howard
33%
Jase Richardson
32%
Joe Ingles
32%
Yang Hansen
32%
Julian Strawther
31%
Kyle Filipowski
31%
Mouhamed Gueye
31%
Sandro Mamukelashvili
31%
Taurean Prince
31%
Bones Hyland
30%
Jock Landale
30%
Josh Okogie
30%
Kelly Olynyk
30%
Marcus Sasser
30%
Terrence Shannon Jr.
30%
Collin Murray-Boyles
29%
Jaden Hardy
29%
Jamal Shead
29%
Jericho Sims
29%
Khaman Maluach
29%
Pelle Larsson
29%
Georges Niang
28%
Jae'Sean Tate
28%
Kyle Anderson
28%
Pat Connaughton
28%
Zeke Nnaji
28%
Bismack Biyombo
27%
Jordan Hawkins
27%
Josh Minott
27%
Larry Nance Jr.
27%
Ousmane Dieng
27%
Taylor Hendricks
27%
Tidjane Salaün
27%
Ariel Hukporti
26%
Asa Newell
26%
Chris Boucher
26%
Danté Exum
26%
Maxime Raynaud
26%
Noa Essengue
26%
Simone Fontecchio
26%
Brice Sensabaugh
25%
John Konchar
25%
Mohamed Diawara
25%
Precious Achiuwa
25%
Haywood Highsmith
24%
Marvin Bagley III
24%
Ochai Agbaji
24%
Oso Ighodaro
24%
Tony Bradley
24%
Walter Clayton Jr.
24%
Adou Thiero
23%
Jalen Pickett
23%
Matisse Thybulle
23%
Monté Morris
23%
Ja'Kobe Walter
22%
Jalen Wilson
22%
Jordan Goodwin
22%
Kasparas Jakučionis
22%
Yanic Konan Niederhäuser
22%
Dalen Terry
21%
DaRon Holmes II
21%
Drew Eubanks
21%
Jordan McLaughlin
21%
Trendon Watford
21%
Tyrese Proctor
21%
Dario Šarić
20%
Jamison Battle
20%
Johnny Furphy
20%
Julian Phillips
20%
Pacôme Dadiet
20%
Sviatoslav Mykhailiuk
20%
Thomas Sorber
20%
Liam McNeeley
19%
Nique Clifford
19%
Noah Penda
19%
Cam Whitmore
18%
Duop Reath
18%
Amir Coffey
17%
Joan Beringer
17%
Doug McDermott
16%
Garrett Temple
16%
Karlo Matković
16%
Rayan Rupert
16%
Jonathan Mogbo
15%
N'Faly Dante
14%
Blake Wesley
13%
Johni Broome
13%
Lindy Waters III
13%
Malaki Branham
12%
Nikola Đurišić
12%
Will Riley
12%
Micah Peavy
11%
Rasheer Fleming
10%
Bobi Klintman
9%
Chaz Lanier
8%
No matching quizzes found
Score Distribution
Percent of People with Each Score
Percentile by Number Answered
Your Score History
You have not taken this quiz since the last reset